| 000 | 00484nam a2200205Ia 4500 | ||
|---|---|---|---|
| 008 | 240510s9999 xx 000 0 und d | ||
| 020 | _a0000471988758 | ||
| 041 | _aEng | ||
| 082 | _a006 | ||
| 082 | _bR15 | ||
| 100 | _aRANKL W. & EFFING W. | ||
| 245 | 0 | _aSMART CARD HANDBOOK | |
| 250 | _a2nd ed. | ||
| 260 | _bNEW YORK : JOHN WILEY | ||
| 260 | _c2000 | ||
| 300 | _a746 p. | ||
| 650 | _aSMART CARD PROGRAMMING : DEVICE DRIVER PROGRAMMING | ||
| 942 | _2ddc | ||
| 942 | _cLBK | ||
| 999 |
_c25599 _d25599 |
||
| 945 |
_a1 _bMadushi Gamage _c1 _dMadushi Gamage |
||